[Event "POL-chT 1st League"]
[Site "Leba"]
[Date "2023.09.29"]
[Round "7.5"]
[White "Kacprzak, Kacper"]
[Black "Reza, Wojciech"]
[Result "1/2-1/2"]
[WhiteElo "2250"]
[BlackElo "2290"]
[PlyCount "33"]
[EventDate "2023.09.23"]
[EventType "team-swiss"]
[EventRounds "9"]
[EventCountry "POL"]
[SourceTitle "EXT 2024"]
[Source "ChessBase"]
[SourceDate "2023.10.10"]
[SourceVersion "1"]
[SourceVersionDate "2023.10.10"]
[SourceQuality "1"]
[WhiteTeam "Opole Rodlo"]
[BlackTeam "Gostynin Gostmat 83"]
[WhiteTeamCountry "POL"]
[BlackTeamCountry "POL"]

1. e4 e5 2. Nf3 Nc6 3. Bb5 Nf6 4. 0-0 Nxe4 5. Re1 Nd6 6. Nxe5 Be7 7. Bf1 Nxe5 8. Rxe5 0-0 9. d4 Bf6 10. Re1 Re8 11. Rxe8+ Nxe8 12. c3 d5 13. Bd3 g6 14. Bf4 Ng7 15. Nd2 c6 16. Nf3 Bf5 17. Bxf5 1/2-1/2

[Event "POL-chT 1st League"]
[Site "Leba"]
[Date "2023.09.25"]
[Round "3.4"]
[White "Adamczewski, Maciej"]
[Black "Reza, Wojciech"]
[Result "0-1"]
[WhiteElo "2084"]
[BlackElo "2290"]
[PlyCount "54"]
[EventDate "2023.09.23"]
[EventType "team-swiss"]
[EventRounds "9"]
[EventCountry "POL"]
[SourceTitle "EXT 2024"]
[Source "ChessBase"]
[SourceDate "2023.10.10"]
[SourceVersion "1"]
[SourceVersionDate "2023.10.10"]
[SourceQuality "1"]
[WhiteTeam "Strzelce Opolskie Strzelec"]
[BlackTeam "Gostynin Gostmat 83"]
[WhiteTeamCountry "POL"]
[BlackTeamCountry "POL"]

1. d4 d5 2. c4 e6 3. Nc3 Bb4 4. Nf3 dxc4 5. e3 b5 6. Bd2 c6 7. Ne5 Nf6 8. b3 Qa5 9. Rc1 Nd5 10. Qc2 f6 11. Nxd5 Bxd2+ 12. Qxd2 Qxd2+ 13. Kxd2 cxd5 14. Nd3 Ke7 15. Nf4 Nc6 16. Be2 Bd7 17. Bf3 Kd6 18. Rhd1 Be8 19. h4 Bf7 20. Kc3 Rhc8 21. Kb2 Rab8 22. g4 h6 23. Rg1 g5 24. hxg5 hxg5 25. Ne2 Nb4 26. Rcf1 Bg6 27. Rh1 Nd3+ 0-1

[Event "POL-chT 1st League"]
[Site "Leba"]
[Date "2023.09.24"]
[Round "2.1"]
[White "Reza, Wojciech"]
[Black "Pisulinski, Jan"]
[Result "1-0"]
[WhiteElo "2290"]
[BlackElo "2350"]
[PlyCount "63"]
[EventDate "2023.09.23"]
[EventType "team-swiss"]
[EventRounds "9"]
[EventCountry "POL"]
[SourceTitle "EXT 2024"]
[Source "ChessBase"]
[SourceDate "2023.10.10"]
[SourceVersion "1"]
[SourceVersionDate "2023.10.10"]
[SourceQuality "1"]
[WhiteTeam "Gostynin Gostmat 83"]
[BlackTeam "Gorzow Wielkopolski Stilon"]
[WhiteTeamCountry "POL"]
[BlackTeamCountry "POL"]

1. d4 Nf6 2. c4 c5 3. d5 b5 4. cxb5 a6 5. bxa6 g6 6. Nc3 Bxa6 7. e4 Bxf1 8. Kxf1 d6 9. g3 Bg7 10. Nf3 0-0 11. Kg2 Nbd7 12. a4 Qb6 13. Ra3 Rfb8 14. Nd2 Qb4 15. Rb3 Qd4 16. Rxb8+ Rxb8 17. Nb5 Qb4 18. Qc2 Nb6 19. b3 c4 20. Ba3 Qa5 21. Nxc4 Nxc4 22. Qxc4 Ng4 23. Bb4 Qb6 24. Qe2 h5 25. Rc1 Ne5 26. Rc7 Bf8 27. Bc3 Qa6 28. Ra7 Qc8 29. Bxe5 dxe5 30. Rc7 Qa6 31. Qc4 Qa5 32. d6 1-0

[Event "Katowice POL-HUN 10th"]
[Site "Katowice"]
[Date "2023.09.10"]
[Round "9"]
[White "Reza, Wojciech"]
[Black "Kasperek, Ryszard"]
[Result "1/2-1/2"]
[WhiteElo "2290"]
[BlackElo "2041"]
[PlyCount "94"]
[EventDate "2023.09.09"]
[EventType "swiss (rapid)"]
[EventRounds "9"]
[EventCountry "POL"]
[SourceTitle "EXT 2024"]
[Source "ChessBase"]
[SourceDate "2023.10.10"]
[SourceVersion "1"]
[SourceVersionDate "2023.10.10"]
[SourceQuality "1"]

1. Nf3 Nf6 2. c4 e6 3. Nc3 d5 4. e3 c5 5. cxd5 exd5 6. d4 Nc6 7. Bb5 Bd6 8. dxc5 Bxc5 9. 0-0 0-0 10. b3 a6 11. Bxc6 bxc6 12. h3 Qe7 13. Bb2 Ba3 14. Bxa3 Qxa3 15. Na4 a5 16. Nd4 Ba6 17. Qc1 Qd6 18. Rd1 Rfe8 19. Qxc6 Qxc6 20. Nxc6 Bb5 21. Rac1 Ra6 22. Nd4 Bxa4 23. bxa4 Rb6 24. Nb5 h5 25. Rc7 Re4 26. Rc8+ Kh7 27. Rd4 Rxd4 28. exd4 Re6 29. Kf1 g5 30. f3 h4 31. Kf2 Nh5 32. Rc2 Nf4 33. Nc7 Nd3+ 34. Kg1 Re1+ 35. Kh2 Nf4 36. g3 hxg3+ 37. Kxg3 Kg6 38. h4 Re2 39. Rxe2 Nxe2+ 40. Kf2 Nxd4 41. hxg5 Kxg5 42. Nxd5 Kf5 43. Ke3 Ke5 44. Ne7 Nf5+ 45. Nxf5 Kxf5 46. f4 Kg4 47. Ke4 f6 1/2-1/2

[Event "Katowice POL-HUN 10th"]
[Site "Katowice"]
[Date "2023.09.10"]
[Round "6"]
[White "Terkiewicz, Bruno"]
[Black "Reza, Wojciech"]
[Result "0-1"]
[WhiteElo "1887"]
[BlackElo "2290"]
[PlyCount "100"]
[EventDate "2023.09.09"]
[EventType "swiss (rapid)"]
[EventRounds "9"]
[EventCountry "POL"]
[SourceTitle "EXT 2024"]
[Source "ChessBase"]
[SourceDate "2023.10.10"]
[SourceVersion "1"]
[SourceVersionDate "2023.10.10"]
[SourceQuality "1"]

1. e4 c5 2. Nf3 d6 3. d4 cxd4 4. Nxd4 Nf6 5. Nc3 a6 6. Rg1 e5 7. Nb3 Be7 8. g4 h6 9. h4 Be6 10. g5 hxg5 11. hxg5 Nh5 12. g6 fxg6 13. Nd5 Bf7 14. Be3 Nd7 15. Bh3 Nhf6 16. Bxd7+ Nxd7 17. Qd2 Rc8 18. 0-0-0 Nf6 19. Nb6 Rc6 20. Qa5 Qc7 21. c3 Bd8 22. Qa4 0-0 23. Nd5 Nxd5 24. exd5 Rc4 25. Qa3 Be8 26. Nd2 Ra4 27. Qb3 b5 28. Kb1 Bd7 29. Ka1 Bf5 30. c4 Qa5 31. Rc1 Bb6 32. c5 dxc5 33. d6+ c4 34. Nxc4 bxc4 35. Rxc4 Rxc4 36. Qxc4+ Rf7 37. Rd1 Bd8 38. Bd2 Qb5 39. Qc3 Rd7 40. Be3 Be6 41. b3 Bf6 42. Qc8+ Kf7 43. Kb1 Rxd6 44. Qc7+ Rd7 45. Rxd7+ Qxd7 46. Qc1 Bf5+ 47. Kb2 e4+ 48. Ka3 Qd6+ 49. Bc5 Qxc5+ 50. Qxc5 Be7 0-1

[Event "Katowice POL-HUN 10th"]
[Site "Katowice"]
[Date "2023.09.09"]
[Round "4"]
[White "Reza, Wojciech"]
[Black "Licznerski, Lukasz"]
[Result "1-0"]
[WhiteElo "2290"]
[BlackElo "2414"]
[PlyCount "91"]
[EventDate "2023.09.09"]
[EventType "swiss (rapid)"]
[EventRounds "9"]
[EventCountry "POL"]
[SourceTitle "EXT 2024"]
[Source "ChessBase"]
[SourceDate "2023.10.10"]
[SourceVersion "1"]
[SourceVersionDate "2023.10.10"]
[SourceQuality "1"]

1. Nf3 d5 2. e3 Nf6 3. c4 c6 4. d4 Bf5 5. Nc3 e6 6. Nh4 Be4 7. f3 Bg6 8. g3 Be7 9. Nxg6 hxg6 10. Qb3 Qc7 11. Bd2 a6 12. Rc1 dxc4 13. Bxc4 Nbd7 14. a4 0-0 15. e4 b5 16. Be2 b4 17. Nd1 Qb6 18. Be3 c5 19. d5 exd5 20. exd5 Qd6 21. Bc4 Nb6 22. Bf4 Qd7 23. Ne3 Rfd8 24. d6 Bf8 25. a5 Nxc4 26. Nxc4 Nd5 27. Bg5 Re8+ 28. Kf2 Kh7 29. Rcd1 Qf5 30. h4 f6 31. g4 Qe6 32. Rhe1 Qf7 33. Bc1 Rxe1 34. Rxe1 Qb7 35. Qd3 Kg8 36. Qxg6 Qf7 37. Qe4 f5 38. gxf5 Rd8 39. Bg5 Nf6 40. Qe6 Rd7 41. Bxf6 gxf6 42. Rg1+ Kh7 43. Qxf7+ Rxf7 44. Re1 Rd7 45. Re6 Kg7 46. Ke3 1-0

[Event "EU-ch Blitz"]
[Site "Katowice"]
[Date "2022.12.16"]
[Round "10"]
[White "Dragnev, Valentin"]
[Black "Reza, Wojciech"]
[Result "1-0"]
[WhiteElo "2556"]
[BlackElo "2290"]
[PlyCount "63"]
[EventDate "2022.12.16"]
[EventType "swiss (blitz)"]
[EventRounds "22"]
[EventCountry "POL"]
[SourceTitle "CBM 211 Extra"]
[Source "ChessBase"]
[SourceDate "2023.01.31"]
[SourceVersion "1"]
[SourceVersionDate "2023.01.31"]
[SourceQuality "1"]

1. e4 e5 2. Nf3 Nc6 3. Bb5 a6 4. Ba4 Nf6 5. 0-0 Be7 6. Re1 b5 7. Bb3 d6 8. c3 0-0 9. h3 Na5 10. Bc2 c5 11. d4 Nd7 12. a4 Rb8 13. axb5 axb5 14. b3 exd4 15. cxd4 Nc6 16. Nc3 Bf6 17. Be3 Nb4 18. Bb1 Re8 19. Qd2 g6 20. Ne2 Bg7 21. Ng3 Bb7 22. Bf4 Nc6 23. Be3 Qb6 24. Rd1 Rbd8 25. Bg5 Nxd4 26. Nxd4 Bxd4 27. Bxd8 Qxd8 28. Ra7 Bc6 29. Ne2 Be5 30. f4 Qb6 31. Rxd7 Bxd7 32. fxe5 1-0

[Event "EU-ch Blitz"]
[Site "Katowice"]
[Date "2022.12.16"]
[Round "16"]
[White "Jarmula, Lukasz"]
[Black "Reza, Wojciech"]
[Result "1-0"]
[WhiteElo "2469"]
[BlackElo "2290"]
[PlyCount "127"]
[EventDate "2022.12.16"]
[EventType "swiss (blitz)"]
[EventRounds "22"]
[EventCountry "POL"]
[SourceTitle "CBM 211 Extra"]
[Source "ChessBase"]
[SourceDate "2023.01.31"]
[SourceVersion "1"]
[SourceVersionDate "2023.01.31"]
[SourceQuality "1"]

1. e4 e5 2. Nf3 Nc6 3. Bb5 a6 4. Ba4 Nf6 5. 0-0 Be7 6. Re1 b5 7. Bb3 d6 8. c3 0-0 9. h3 Bb7 10. d4 Re8 11. Nbd2 Bf8 12. a3 h6 13. Bc2 Nb8 14. Nf1 Nbd7 15. Ng3 g6 16. a4 c5 17. d5 c4 18. Be3 Qc7 19. Qd2 Kh7 20. Nh4 Bg7 21. Rf1 Nc5 22. f4 exf4 23. Rxf4 Kg8 24. Bd4 Ncd7 25. Raf1 Re5 26. Bxe5 dxe5 27. R4f2 Rf8 28. axb5 axb5 29. Rf3 Ne8 30. Nhf5 gxf5 31. Nxf5 Kh8 32. Rg3 Qb6+ 33. Kh1 Rg8 34. d6 Bf8 35. Rxg8+ Kxg8 36. Ne7+ Bxe7 37. dxe7 Qe6 38. Rf3 Qxe7 39. Qxh6 f6 40. Rg3+ Ng7 41. Qe3 Nf8 42. Bd1 Bc8 43. Kg1 Bd7 44. h4 Kf7 45. h5 Nxh5 46. Bxh5+ Ke6 47. Bg4+ Kd6 48. Qb6+ Bc6 49. Qb8+ Kc5 50. Bf5 Nd7 51. Qa7+ Kd6 52. Rf3 Qd8 53. Rf1 Nc5 54. Rd1+ Nd3 55. Qe3 Qh8 56. b4 Kc7 57. Qa7+ Kd6 58. Qc5+ Kc7 59. Qe7+ Kb6 60. Ra1 Qb8 61. Bc8 Bb7 62. Bxb7 Qxb7 63. Qd6+ Qc6 64. Ra6+ 1-0

[Event "EU-ch Blitz"]
[Site "Katowice"]
[Date "2022.12.16"]
[Round "15"]
[White "Reza, Wojciech"]
[Black "Jarmula, Lukasz"]
[Result "0-1"]
[WhiteElo "2290"]
[BlackElo "2469"]
[PlyCount "122"]
[EventDate "2022.12.16"]
[EventType "swiss (blitz)"]
[EventRounds "22"]
[EventCountry "POL"]
[SourceTitle "CBM 211 Extra"]
[Source "ChessBase"]
[SourceDate "2023.01.31"]
[SourceVersion "1"]
[SourceVersionDate "2023.01.31"]
[SourceQuality "1"]

1. c4 b6 2. Nf3 Bb7 3. e3 g6 4. Be2 Bg7 5. 0-0 Nf6 6. d4 0-0 7. Nc3 c5 8. d5 d6 9. e4 Nbd7 10. h3 Ne5 11. Nxe5 dxe5 12. Be3 Ne8 13. a3 Nd6 14. b4 Rc8 15. bxc5 bxc5 16. f3 f5 17. Qc2 Qa5 18. Rfc1 Ba6 19. Qa4 Qxa4 20. Nxa4 fxe4 21. fxe4 Nxe4 22. Rab1 Ng3 23. Bg4 Nf5 24. Bxc5 e4 25. Bxf5 Rxf5 26. Bxe7 Rxc4 27. Rxc4 Bxc4 28. d6 Be6 29. Rc1 Bd7 30. Nc3 Rc5 31. Ne2 Rxc1+ 32. Nxc1 Bb2 33. Nb3 Bxa3 34. Kf2 Kf7 35. Ke3 Bb4 36. Kxe4 a5 37. Nd4 a4 38. Nc2 Bc5 39. Kd5 Bb6 40. Na3 Bf2 41. Ke4 Bc6+ 42. Ke5 Bg3+ 43. Kd4 Ke6 44. Nc4 Bxg2 45. Nb6 Bc6 46. Kc4 Bxd6 47. Bxd6 Kxd6 48. Kb4 Ke5 49. Kc5 Bg2 50. Nxa4 Bxh3 51. Nb2 h5 52. Nd3+ Kf5 53. Kd4 g5 54. Ke3 h4 55. Kf2 g4 56. Ne1 Ke4 57. Nc2 g3+ 58. Kg1 Bg4 59. Ne1 h3 60. Ng2 hxg2 61. Kxg2 Kf4 0-1

[Event "EU-ch Blitz"]
[Site "Katowice"]
[Date "2022.12.16"]
[Round "14"]
[White "Reza, Wojciech"]
[Black "Uruci, Endrit"]
[Result "1-0"]
[WhiteElo "2290"]
[BlackElo "2297"]
[PlyCount "145"]
[EventDate "2022.12.16"]
[EventType "swiss (blitz)"]
[EventRounds "22"]
[EventCountry "POL"]
[SourceTitle "CBM 211 Extra"]
[Source "ChessBase"]
[SourceDate "2023.01.31"]
[SourceVersion "1"]
[SourceVersionDate "2023.01.31"]
[SourceQuality "1"]

1. c4 Nf6 2. Nf3 c6 3. e3 d5 4. Nc3 g6 5. d4 Bg7 6. Be2 0-0 7. 0-0 b6 8. Bd2 Bb7 9. Rc1 e6 10. cxd5 cxd5 11. Ne5 Nfd7 12. Nxd7 Nxd7 13. Nb5 a6 14. Nc7 Ra7 15. Bb4 Bc8 16. Bxf8 Nxf8 17. Qc2 Bb7 18. b4 Bf6 19. b5 axb5 20. Nxb5 Ra5 21. Qc7 Ba6 22. Qxd8 Bxd8 23. Nc3 Bxe2 24. Nxe2 Rxa2 25. Nc3 Ra3 26. Nb5 Ra5 27. Nd6 Be7 28. Nc8 Bd8 29. Ra1 Nd7 30. Rxa5 bxa5 31. Ra1 Kf8 32. Na7 Nb6 33. Nc6 Bf6 34. Nxa5 h5 35. Rb1 Na4 36. Rb3 Kg7 37. Nb7 Be7 38. Kf1 g5 39. Ke2 Kg6 40. g3 Kf5 41. f3 g4 42. Kf2 Bf8 43. Kg2 Be7 44. h3 f6 45. fxg4+ hxg4 46. h4 e5 47. Kf2 Bf8 48. Ke2 Ke4 49. dxe5 Kxe5 50. Kd3 Bc5 51. Ke2 Bf8 52. Kf2 Be7 53. Ke2 Ke4 54. Kf2 Ke5 55. Kg2 f5 56. Kf2 Bf8 57. Ke2 Ke4 58. Kf2 Be7 59. Ke2 Bf8 60. Rd3 Bg7 61. Ra3 Nc3+ 62. Kf2 Nd1+ 63. Ke2 Nc3+ 64. Kf2 Nd1+ 65. Ke2 Nc3+ 66. Kf2 Nd1+ 67. Ke1 Nxe3 68. Nc5+ Kf3 69. Ne6 Be5 70. h5 Bxg3+ 71. Kd2 d4 72. Nxd4+ Ke4 73. Rd3 1-0

[Event "EU-ch Blitz"]
[Site "Katowice"]
[Date "2022.12.16"]
[Round "6"]
[White "Reza, Wojciech"]
[Black "Wieczorek, Oskar"]
[Result "1/2-1/2"]
[WhiteElo "2290"]
[BlackElo "2504"]
[PlyCount "73"]
[EventDate "2022.12.16"]
[EventType "swiss (blitz)"]
[EventRounds "22"]
[EventCountry "POL"]
[SourceTitle "CBM 211 Extra"]
[Source "ChessBase"]
[SourceDate "2023.01.31"]
[SourceVersion "1"]
[SourceVersionDate "2023.01.31"]
[SourceQuality "1"]

1. c4 Nf6 2. Nf3 g6 3. g3 Bg7 4. Bg2 0-0 5. 0-0 d6 6. Nc3 Nc6 7. d3 e5 8. Rb1 a5 9. a3 Re8 10. e4 Nd4 11. Nxd4 exd4 12. Ne2 Nd7 13. b3 Nc5 14. h3 f5 15. b4 axb4 16. axb4 Na4 17. exf5 Bxf5 18. g4 Rxe2 19. Qxe2 Nc3 20. Qc2 Nxb1 21. Qxb1 Bc8 22. Re1 c6 23. b5 Bd7 24. Bf4 Qf8 25. Bg5 Re8 26. bxc6 Bxc6 27. Bxc6 bxc6 28. Rxe8 Qxe8 29. Qb7 Be5 30. Kg2 h5 31. gxh5 gxh5 32. h4 Qe6 33. Qxc6 Qg4+ 34. Kf1 Qd1+ 35. Kg2 Qg4+ 36. Kf1 Qd1+ 37. Kg2 1/2-1/2

[Event "POL-ch blitz"]
[Site "Suwalki"]
[Date "2022.09.24"]
[Round "14"]
[White "Kitewski, Bartosz"]
[Black "Reza, Wojciech"]
[Result "0-1"]
[WhiteElo "1993"]
[BlackElo "2287"]
[PlyCount "97"]
[EventDate "2022.09.24"]
[EventType "swiss (blitz)"]
[EventRounds "15"]
[EventCountry "POL"]
[SourceTitle "CBM 210 Extra"]
[Source "ChessBase"]
[SourceDate "2022.11.30"]
[SourceVersion "1"]
[SourceVersionDate "2022.11.30"]
[SourceQuality "1"]

1. d4 d5 2. c4 dxc4 3. e3 Nf6 4. Bxc4 e6 5. Nc3 c5 6. Nf3 Nc6 7. 0-0 a6 8. a4 Be7 9. Qe2 0-0 10. Rd1 Qc7 11. e4 cxd4 12. Nxd4 Nxd4 13. Rxd4 Bd6 14. h3 Be5 15. Rd1 Bd7 16. Bg5 Rfd8 17. Rac1 h6 18. Bxf6 Bxf6 19. Bb3 Qe5 20. Rc2 Bc6 21. Rcd2 Rxd2 22. Rxd2 h5 23. f3 Qf4 24. Nd1 Be5 25. Nf2 Qh2+ 26. Kf1 Bf4 27. Rc2 Rd8 28. Bc4 Bxa4 29. b3 Be8 30. Bd3 a5 31. Ra2 b6 32. Bc4 Rc8 33. Rc2 b5 34. Bd3 Rb8 35. Ra2 a4 36. b4 Rc8 37. Rc2 Rb8 38. Ra2 Qg3 39. Rc2 Bd6 40. Qd2 Qf4 41. Qe1 Qf6 42. Be2 Qe7 43. Nd3 e5 44. Nc5 h4 45. Qc1 Kh8 46. Bd3 f6 47. Be2 Rd8 48. Kf2 Rc8 49. Kf1 0-1

[Event "POL-ch blitz"]
[Site "Suwalki"]
[Date "2022.09.24"]
[Round "11"]
[White "Liskiewicz, Jakub"]
[Black "Reza, Wojciech"]
[Result "0-1"]
[WhiteElo "1770"]
[BlackElo "2287"]
[PlyCount "114"]
[EventDate "2022.09.24"]
[EventType "swiss (blitz)"]
[EventRounds "15"]
[EventCountry "POL"]
[SourceTitle "CBM 210 Extra"]
[Source "ChessBase"]
[SourceDate "2022.11.30"]
[SourceVersion "1"]
[SourceVersionDate "2022.11.30"]
[SourceQuality "1"]

1. d4 d5 2. c4 dxc4 3. e3 Nf6 4. Bxc4 e6 5. Nf3 c5 6. 0-0 Nc6 7. Nc3 a6 8. a4 Be7 9. dxc5 Bxc5 10. Qxd8+ Kxd8 11. Rd1+ Ke7 12. b3 Bd7 13. Bb2 Rhd8 14. a5 Be8 15. Na4 Rxd1+ 16. Rxd1 Bb4 17. Kf1 Nxa5 18. Bd4 Nxc4 19. Nc5 Nd6 20. Nd3 Bb5 21. Nfe5 Nd5 22. Kg1 Bxd3 23. Nxd3 Bc3 24. Bc5 f5 25. f3 b6 26. Ba3 Nxe3 27. Rc1 Nd5 28. Rd1 a5 29. Nf4 Nb4 30. Rc1 Bd4+ 31. Kf1 Rc8 32. Re1 e5 33. Bxb4 axb4 34. Nd5+ Ke6 35. Nxb4 Rc3 36. Na6 Kd7 37. b4 Kc6 38. Nb8+ Kc7 39. Na6+ Kb7 40. b5 Nxb5 41. Nb4 f4 42. Nd5 Rc2 43. Rb1 Kc6 44. Nb4+ Kc5 45. Nxc2 Nc3 46. Rc1 b5 47. Nxd4 exd4 48. Ke1 b4 49. Kd2 Kc4 50. Kc2 b3+ 51. Kb2 Kb4 52. g3 Na4+ 53. Kb1 d3 54. Rc7 d2 55. Rd7 Nc3+ 56. Kb2 d1Q 57. Rxd1 Nxd1+ 0-1

[Event "POL-ch blitz"]
[Site "Suwalki"]
[Date "2022.09.24"]
[Round "13"]
[White "Rekuc, Patryk"]
[Black "Reza, Wojciech"]
[Result "1-0"]
[WhiteElo "1777"]
[BlackElo "2287"]
[PlyCount "95"]
[EventDate "2022.09.24"]
[EventType "swiss (blitz)"]
[EventRounds "15"]
[EventCountry "POL"]
[SourceTitle "CBM 210 Extra"]
[Source "ChessBase"]
[SourceDate "2022.11.30"]
[SourceVersion "1"]
[SourceVersionDate "2022.11.30"]
[SourceQuality "1"]

1. e4 e5 2. Nf3 Nc6 3. Bc4 Bc5 4. c3 Nf6 5. d3 d6 6. Nbd2 a6 7. Bb3 Ba7 8. h3 0-0 9. 0-0 Nh5 10. Re1 Nf4 11. Nf1 Qf6 12. Bxf4 Qxf4 13. Ne3 Ne7 14. d4 exd4 15. cxd4 c6 16. Nc4 d5 17. exd5 Nxd5 18. Nce5 Be6 19. Nd3 Qd6 20. Ng5 Bf5 21. Nf3 Rae8 22. Qd2 Kh8 23. Rxe8 Rxe8 24. Re1 Rxe1+ 25. Qxe1 Kg8 26. Nde5 h6 27. Nc4 Qd8 28. Qe5 Be6 29. Qd6 Qc8 30. Nce5 Bb8 31. Qc5 Bc7 32. Qc1 Qd8 33. Bc2 Qd6 34. Bb1 Nf6 35. Nc4 Qb4 36. Nce5 Bd5 37. a3 Qb3 38. Bc2 Qb6 39. Ng4 Nxg4 40. hxg4 Bxf3 41. Qe3 Kf8 42. gxf3 Qxb2 43. Bf5 Qa1+ 44. Kg2 Bd6 45. Bd7 Be7 46. Qe5 f6 47. Qb8+ Kf7 48. Qe8# 1-0

[Event "POL-ch blitz"]
[Site "Suwalki"]
[Date "2022.09.24"]
[Round "2"]
[White "Reza, Wojciech"]
[Black "Basiaga, Sebastian"]
[Result "1-0"]
[WhiteElo "2287"]
[BlackElo "1826"]
[PlyCount "98"]
[EventDate "2022.09.24"]
[EventType "swiss (blitz)"]
[EventRounds "15"]
[EventCountry "POL"]
[SourceTitle "CBM 210 Extra"]
[Source "ChessBase"]
[SourceDate "2022.11.30"]
[SourceVersion "1"]
[SourceVersionDate "2022.11.30"]
[SourceQuality "1"]

1. c4 c6 2. Nf3 d5 3. e3 Nf6 4. Nc3 e6 5. b3 Nbd7 6. Bb2 Bd6 7. Be2 0-0 8. Qc2 Qe7 9. 0-0 b6 10. Rfe1 Bb7 11. d4 Rac8 12. e4 dxe4 13. Nxe4 Nxe4 14. Qxe4 Nf6 15. Qh4 Ba3 16. Bc3 Bb4 17. Rac1 Bxc3 18. Rxc3 c5 19. Re3 Bxf3 20. Bxf3 cxd4 21. Qxd4 Qc5 22. Rd3 Qxd4 23. Rxd4 Rfd8 24. Red1 Rxd4 25. Rxd4 Kf8 26. Kf1 Ke7 27. Ke2 Nd7 28. Ke3 e5 29. Rxd7+ Kxd7 30. Bg4+ Kd8 31. Bxc8 Kxc8 32. Ke4 f6 33. Kd5 Kd7 34. b4 a5 35. a3 g6 36. g4 h6 37. h3 h5 38. f3 h4 39. bxa5 bxa5 40. g5 fxg5 41. Kxe5 Kc6 42. Kd4 Kd6 43. c5+ Kc7 44. Kd5 Kd7 45. a4 Kc7 46. c6 Kc8 47. Kc5 Kc7 48. Kb5 Kd6 49. Kb6 Kd5 1-0

[Event "POL-ch blitz"]
[Site "Suwalki"]
[Date "2022.09.24"]
[Round "10"]
[White "Reza, Wojciech"]
[Black "Kaminski, Maciej1111"]
[Result "1/2-1/2"]
[WhiteElo "2287"]
[BlackElo "1905"]
[PlyCount "97"]
[EventDate "2022.09.24"]
[EventType "swiss (blitz)"]
[EventRounds "15"]
[EventCountry "POL"]
[SourceTitle "CBM 210 Extra"]
[Source "ChessBase"]
[SourceDate "2022.11.30"]
[SourceVersion "1"]
[SourceVersionDate "2022.11.30"]
[SourceQuality "1"]

1. c4 Nf6 2. Nf3 g6 3. Nc3 Bg7 4. g3 0-0 5. Bg2 c6 6. e4 d6 7. 0-0 e5 8. d3 h6 9. Rb1 a5 10. a3 Na6 11. b4 axb4 12. axb4 Nc7 13. Be3 Ng4 14. Bd2 f5 15. Nh4 Kh7 16. h3 Nf6 17. exf5 gxf5 18. f4 Be6 19. b5 Qd7 20. bxc6 bxc6 21. Rb6 e4 22. dxe4 Nxe4 23. Nxe4 Bd4+ 24. Kh2 Bxb6 25. c5 Bxc5 26. Nxc5 dxc5 27. Qe1 Bd5 28. Nf3 Bxf3 29. Rxf3 Rfe8 30. Qc1 Ra2 31. Be3 Qd5 32. Bf2 Qd2 33. Qxc5 Re2 34. Qxf5+ Kg7 35. Qg4+ Kf7 36. Qf5+ Ke7 37. Rd3 Qxd3 38. Qxd3 Rxf2 39. Qe4+ Kd7 40. Qxc6+ Kc8 41. Qb7+ Kd7 42. Qc6+ Kc8 43. g4 Rxg2+ 44. Qxg2 Rxg2+ 45. Kxg2 Kd7 46. Kg3 Ke7 47. h4 Kf6 48. h5 Ne6 49. g5+ 1/2-1/2

[Event "POL-chT 1st League"]
[Site "Sypniewo"]
[Date "2022.09.11"]
[Round "9.8"]
[White "Reza, Wojciech"]
[Black "Chojnacki, Slawomir"]
[Result "1-0"]
[WhiteElo "2287"]
[BlackElo "2198"]
[PlyCount "83"]
[EventDate "2022.09.03"]
[EventType "team-swiss"]
[EventRounds "9"]
[EventCountry "POL"]
[SourceTitle "CBM 210 Extra"]
[Source "ChessBase"]
[SourceDate "2022.11.30"]
[SourceVersion "1"]
[SourceVersionDate "2022.11.30"]
[SourceQuality "1"]
[WhiteTeam "Gostynin Gostmat 83"]
[BlackTeam "Chroscice Victoria"]
[WhiteTeamCountry "POL"]
[BlackTeamCountry "POL"]

1. c4 e5 2. g3 f5 3. Bg2 Nc6 4. Nc3 Nf6 5. e3 Bb4 6. Nge2 0-0 7. 0-0 Bxc3 8. Nxc3 d6 9. d3 Ne7 10. b4 c6 11. b5 c5 12. f4 Rb8 13. Qe2 b6 14. Bb2 Bb7 15. fxe5 dxe5 16. e4 fxe4 17. dxe4 Ng6 18. Nd5 Bc8 19. Rad1 Qe8 20. Bc1 Rb7 21. Bg5 Qe6 22. Rf5 Rbf7 23. Bh3 Qe8 24. Nxf6+ gxf6 25. Bh6 Bxf5 26. Bxf5 Kh8 27. Bxf8 Qxf8 28. Qe3 Ne7 29. Be6 Rg7 30. Rd3 Ng6 31. Qd2 Re7 32. Bf5 Qf7 33. Qh6 Qf8 34. Qh5 Qf7 35. Qh6 Qf8 36. Qd2 Qf7 37. Rd5 Kg7 38. h4 Nf8 39. Qe2 Kh6 40. Rd6 Ne6 41. Qg4 Nd4 42. Qg5# 1-0

[Event "POL-chT 1st League"]
[Site "Sypniewo"]
[Date "2022.09.10"]
[Round "8.6"]
[White "Cukrowski, Filip"]
[Black "Reza, Wojciech"]
[Result "1/2-1/2"]
[WhiteElo "2404"]
[BlackElo "2287"]
[PlyCount "66"]
[EventDate "2022.09.03"]
[EventType "team-swiss"]
[EventRounds "9"]
[EventCountry "POL"]
[SourceTitle "CBM 210 Extra"]
[Source "ChessBase"]
[SourceDate "2022.11.30"]
[SourceVersion "1"]
[SourceVersionDate "2022.11.30"]
[SourceQuality "1"]
[WhiteTeam "Opole Rodlo"]
[BlackTeam "Gostynin Gostmat 83"]
[WhiteTeamCountry "POL"]
[BlackTeamCountry "POL"]

1. d4 d5 2. c4 dxc4 3. e3 Nf6 4. Bxc4 e6 5. Nf3 c5 6. Nc3 Nc6 7. 0-0 a6 8. a4 Be7 9. b3 0-0 10. Ra2 cxd4 11. Nxd4 Nxd4 12. exd4 Bb4 13. Ne2 Qa5 14. Bd2 Rd8 15. Bxb4 Qxb4 16. Qd2 Qxd2 17. Rxd2 Bd7 18. Nc3 Bc6 19. f3 Nd5 20. Bxd5 Bxd5 21. Rb1 Rac8 22. Rd3 a5 23. Kf2 Kf8 24. Ke3 Rd7 25. Rb2 b6 26. Ne2 Bb7 27. Rc3 Rdc7 28. Kd2 Ba6 29. Rbc2 Rxc3 30. Rxc3 Ke7 31. Rxc8 Bxc8 32. Nc3 Bb7 33. Nd1 Kd6 1/2-1/2

[Event "POL-chT 1st League"]
[Site "Sypniewo"]
[Date "2022.09.07"]
[Round "5.7"]
[White "Reza, Wojciech"]
[Black "Raczynski, Krzysztof"]
[Result "1-0"]
[WhiteElo "2287"]
[BlackElo "2195"]
[PlyCount "97"]
[EventDate "2022.09.03"]
[EventType "team-swiss"]
[EventRounds "9"]
[EventCountry "POL"]
[SourceTitle "CBM 210 Extra"]
[Source "ChessBase"]
[SourceDate "2022.11.30"]
[SourceVersion "1"]
[SourceVersionDate "2022.11.30"]
[SourceQuality "1"]
[WhiteTeam "Gostynin Gostmat 83"]
[BlackTeam "Chrobry Gniezno"]
[WhiteTeamCountry "POL"]
[BlackTeamCountry "POL"]

1. c4 Nf6 2. Nf3 g6 3. g3 Bg7 4. Bg2 0-0 5. 0-0 d6 6. Nc3 Nc6 7. d3 e5 8. Rb1 a5 9. a3 h6 10. b4 axb4 11. axb4 Be6 12. Nd2 Qd7 13. b5 Nd8 14. Nd5 Bh3 15. Nxf6+ Bxf6 16. Ne4 Bg7 17. Bxh3 Qxh3 18. b6 Qc8 19. Qb3 Ra6 20. Be3 f5 21. bxc7 Ne6 22. Nc3 f4 23. Nd5 Kh7 24. Qxb7 fxe3 25. fxe3 Rxf1+ 26. Kxf1 Ra8 27. Ke1 h5 28. Qxc8 Rxc8 29. Rb8 Rxc7 30. Re8 Ra7 31. Rxe6 Bf8 32. Re8 Kg8 33. Rc8 Ra1+ 34. Kf2 Kf7 35. h4 Rh1 36. Ra8 Rh2+ 37. Kf3 Rh1 38. Ra7+ Ke6 39. Ra8 Kf7 40. Ra7+ Ke6 41. Rh7 Rf1+ 42. Kg2 Re1 43. Kf2 Ra1 44. Nc3 Be7 45. Ne4 Bf6 46. Rb7 Be7 47. Rb6 Kd7 48. c5 d5 49. Nf6+ 1-0